| Поле | Название | Значение |
| |
Тип записи |
a |
| |
Библиографический уровень |
m |
| 001 |
Контрольный номер |
UONB/MAIN/f398599c036443e6bb31618249d6ed31 |
| 005 |
Дата корректировки |
20260408133028.0 |
| 010 |
Индекс ISBN |
__ |
| b |
Уточнения |
в пер. |
| d |
Цена |
4 р. 70 к. |
| 9 |
Тираж |
2000 экз. |
| 100 |
Данные общей обработки |
__ |
| a |
Данные общей обработки |
20260408d1984 u y0rusy0189 ca |
| 101 |
Язык документа |
1_ |
| a |
Язык текста |
rus |
| c |
Язык оригинала |
gez |
| 102 |
Страна публикации |
__ |
| a |
Страна публикации |
RU |
| 105 |
Кодированные данные (монография) |
__ |
| a |
Кодированные данные (монография) |
y z 001yy |
| 200 |
Заглавие и сведения об ответственности |
1_ |
| a |
Заглавие |
Эфиопские хроники XVI-XVII веков |
| f |
Первые сведения об ответственности |
Академия наук СССР, Институт этнографии им. Н. Н. Миклухо-Маклая |
| g |
Последующие сведения об ответственности |
ответственный редактор О. С. Томановская |
| g |
Последующие сведения об ответственности |
вступление и заключение, перевод с эфиопского и комментарии С. Б. Чернецова |
| 203 |
Вид содержания и тип средства |
__ |
| a |
Вид содержания |
Текст |
| b |
Характеристика содержания |
визуальный |
| c |
Тип средства |
непосредственный |
| 210 |
Выходные данные |
1_ |
| a |
Место издания |
Москва |
| c |
Издательство |
Наука |
| d |
Дата издания |
1984 |
| 215 |
Физическое описание |
__ |
| a |
Объем |
390 с. |
| d |
Формат |
22 см |
| 320 |
Библиография |
__ |
| a |
Библиография |
Библиогр.: с. 365-367 |
| 320 |
Библиография |
__ |
| a |
Библиография |
Указ.: с. 372-389 |
| 606 |
Тематические рубрики |
0_ |
| a |
Основная рубрика |
Хроники (ист.) |
| 606 |
Тематические рубрики |
0_ |
| a |
Основная рубрика |
Эфиопия |
| x |
Основная подрубрика |
История |
| z |
Хронологическая подрубрика |
16-17 вв. |
| j |
Формальный подзаголовок |
Источники и источниковедение |
| 610 |
Ключевые слова |
0_ |
| a |
Ключевые слова |
хроники (ист.) эфиопские; История Эфиопии |
| 675 |
Индекс УДК |
__ |
| a |
Индекс УДК |
9(4/9)13 |
| 686 |
Индексы других классификаций |
__ |
| a |
Классификационный индекс |
63.3(0)43 |
| 2 |
Код системы |
rubbk |
| 686 |
Индексы других классификаций |
__ |
| a |
Классификационный индекс |
63.3(6Эф)43.01 |
| 2 |
Код системы |
rubbk |
| 702 |
Вторичная интеллектуальная ответственность |
_1 |
| a |
Фамилия |
Томановская |
| b |
Имя (инициалы) |
О. С. |
| g |
Полное личное имя |
Ольга Сергеевна |
| 4 |
Код отношения |
340 |
| 702 |
Вторичная интеллектуальная ответственность |
_1 |
| a |
Фамилия |
Чернецов |
| b |
Имя (инициалы) |
С. Б. |
| g |
Полное личное имя |
Севир Борисович |
| 4 |
Код отношения |
080 |
| 4 |
Код отношения |
730 |
| 4 |
Код отношения |
210 |
| 712 |
Наименование организации (Вторичная ответственность) |
02 |
| a |
Организация/ юрисдикция |
Институт этнографии им. Н. Н. Миклухо-Маклая |
| 4 |
Код отношения |
570 |
| 801 |
Источник записи |
_0 |
| a |
Страна |
RU |
| b |
Организация |
Ульяновская ОНБ |
| c |
Дата составления |
20260408 |
| g |
Правила каталогизации |
RCR |
| 801 |
Источник записи |
_1 |
| a |
Страна |
RU |
| b |
Организация |
Ульяновская ОНБ |
| c |
Дата составления |
20260408 |
| g |
Правила каталогизации |
RCR |
| 901 |
Тип документа |
__ |
| t |
Тип документа |
m |
| 909 |
Создатель записи |
__ |
| a |
Создатель записи |
Борисова И. А. |
| b |
Дата создания записи |
20260408 |